[Event "Mare di Fano op 5th"]
[Site "Fano"]
[Date "2016.08.01"]
[Round "4"]
[White "Fisabilillah, Ummi"]
[Black "Cirelli, Alessandro"]
[Result "1-0"]
[WhiteElo "2099"]
[BlackElo "1935"]
[PlyCount "37"]
[EventDate "2016.07.30"]
[EventType "swiss"]
[EventRounds "9"]
[EventCountry "ITA"]
[SourceTitle "CBM 173 Extra"]
[Source "ChessBase"]
[SourceDate "2016.08.29"]
[SourceVersion "1"]
[SourceVersionDate "2016.08.29"]
[SourceQuality "1"]

1. e4 e5 2. Nf3 Nc6 3. Bc4 Bc5 4. c3 Nf6 5. d3 d5 6. exd5 Nxd5 7. 0-0 0-0 8. Nbd2 Bb6 9. Re1 Re8 10. d4 Bg4 11. Qc2 Bxf3 12. Nxf3 Qd6 13. Ng5 g6 14. Ne4 exd4 15. Bxd5 Qxd5 16. Nf6+ Kh8 17. Nxe8 Ne5 18. Nf6 Qc5 19. Ne4 1-0